000 00421nam a2200157 a 4500
005 20140513081057.0
008 070925s19uu xx 00 eng d
050 _aVCD
_bHe474 2001
245 _aHellen Keller.
260 _aPhilippines :
_bNest,
_c2001.
440 _aThe Animated stories classics
500 _aRun time: 30 minutes
650 _aDisability-hearing.
650 _aDisability-seeing.
999 _c116568
_d116568